<?xml version="1.0" encoding="UTF-8"?>
<record
    xmlns:xsi="http://www.w3.org/2001/XMLSchema-instance"
    xsi:schemaLocation="http://www.loc.gov/MARC21/slim http://www.loc.gov/standards/marcxml/schema/MARC21slim.xsd"
    xmlns="http://www.loc.gov/MARC21/slim">

  <leader>00909nam a22002657a 4500</leader>
  <controlfield tag="003">DO-SdBNP</controlfield>
  <controlfield tag="005">20250227073850.0</controlfield>
  <controlfield tag="007">ta</controlfield>
  <controlfield tag="008">221024b1987    dr ||||| |||| 00| 0 spa d</controlfield>
  <datafield tag="040" ind1=" " ind2=" ">
    <subfield code="a">DO-SdBNP</subfield>
    <subfield code="b">spa</subfield>
    <subfield code="c">BNPHU</subfield>
  </datafield>
  <datafield tag="082" ind1=" " ind2="4">
    <subfield code="a">306</subfield>
    <subfield code="b">C334h, 1987</subfield>
    <subfield code="2">22</subfield>
  </datafield>
  <datafield tag="245" ind1="0" ind2="0">
    <subfield code="a">Hombre y sociedad : </subfield>
    <subfield code="b">gu&#xED;a did&#xE1;ctica /</subfield>
    <subfield code="c">editores Jos&#xE9; Alc&#xE1;ntara Alm&#xE1;nzar, Antonio Men&#xE9;ndez Alarc&#xF3;n</subfield>
  </datafield>
  <datafield tag="260" ind1=" " ind2=" ">
    <subfield code="a">Santo Domingo :</subfield>
    <subfield code="b">INTEC,</subfield>
    <subfield code="c">1987.</subfield>
  </datafield>
  <datafield tag="300" ind1=" " ind2=" ">
    <subfield code="a">190 p. ;</subfield>
    <subfield code="c">22 cm.</subfield>
  </datafield>
  <datafield tag="500" ind1=" " ind2=" ">
    <subfield code="a">La biblioteca posee dos ejemplares de la reimpresi&#xF3;n del 1989</subfield>
  </datafield>
  <datafield tag="590" ind1=" " ind2=" ">
    <subfield code="a">Inventariado, 2022/BT</subfield>
  </datafield>
  <datafield tag="650" ind1=" " ind2="0">
    <subfield code="a">Cambio social</subfield>
    <subfield code="9">1661</subfield>
  </datafield>
  <datafield tag="650" ind1=" " ind2="0">
    <subfield code="a">Sociolog&#xED;a</subfield>
    <subfield code="9">1061</subfield>
  </datafield>
  <datafield tag="650" ind1=" " ind2="4">
    <subfield code="a">Sociolog&#xED;a educativa</subfield>
    <subfield code="9">53721</subfield>
  </datafield>
  <datafield tag="650" ind1=" " ind2="0">
    <subfield code="a">Clases sociales</subfield>
    <subfield code="9">1062</subfield>
  </datafield>
  <datafield tag="700" ind1="1" ind2=" ">
    <subfield code="a">Men&#xE9;ndez Alarc&#xF3;n, Antonio,</subfield>
    <subfield code="e">ed.</subfield>
    <subfield code="9">42643</subfield>
  </datafield>
  <datafield tag="700" ind1="1" ind2=" ">
    <subfield code="a">Alc&#xE1;ntara Alm&#xE1;nzar, Jos&#xE9;</subfield>
    <subfield code="d">1946-</subfield>
    <subfield code="9">7018</subfield>
  </datafield>
  <datafield tag="910" ind1=" " ind2=" ">
    <subfield code="a">Validado. Control de calidad. MFF</subfield>
  </datafield>
  <datafield tag="942" ind1=" " ind2=" ">
    <subfield code="2">ddc</subfield>
    <subfield code="c">LBS1</subfield>
  </datafield>
  <datafield tag="952" ind1=" " ind2=" ">
    <subfield code="0">0</subfield>
    <subfield code="1">0</subfield>
    <subfield code="2">ddc</subfield>
    <subfield code="5">1</subfield>
    <subfield code="7">0</subfield>
    <subfield code="8">PD</subfield>
    <subfield code="a">BNPHU</subfield>
    <subfield code="b">BNPHU</subfield>
    <subfield code="c">HD</subfield>
    <subfield code="d">2022-10-24</subfield>
    <subfield code="e">Donaci&#xF3;n</subfield>
    <subfield code="o">BNPHU PD 306 C334h 1987</subfield>
    <subfield code="p">2022-4490</subfield>
    <subfield code="r">2022-10-24</subfield>
    <subfield code="w">2022-10-24</subfield>
    <subfield code="y">LBS1</subfield>
  </datafield>
  <datafield tag="952" ind1=" " ind2=" ">
    <subfield code="0">0</subfield>
    <subfield code="1">0</subfield>
    <subfield code="2">ddc</subfield>
    <subfield code="5">1</subfield>
    <subfield code="7">0</subfield>
    <subfield code="8">PD</subfield>
    <subfield code="a">BNPHU</subfield>
    <subfield code="b">BNPHU</subfield>
    <subfield code="c">HD</subfield>
    <subfield code="d">2022-10-24</subfield>
    <subfield code="e">Donaci&#xF3;n</subfield>
    <subfield code="o">BNPHU PD 306 C334h 1987</subfield>
    <subfield code="p">2022-4491</subfield>
    <subfield code="r">2022-10-24</subfield>
    <subfield code="t">e.2</subfield>
    <subfield code="w">2022-10-24</subfield>
    <subfield code="y">LBS1</subfield>
    <subfield code="z">Perteneci&#xF3; a la biblioteca personal de Chiqui Vicioso / Fidelio Despradel.</subfield>
  </datafield>
  <datafield tag="952" ind1=" " ind2=" ">
    <subfield code="0">0</subfield>
    <subfield code="1">0</subfield>
    <subfield code="2">ddc</subfield>
    <subfield code="5">6</subfield>
    <subfield code="7">0</subfield>
    <subfield code="8">DS</subfield>
    <subfield code="a">BNPHU</subfield>
    <subfield code="b">BNPHU</subfield>
    <subfield code="c">HD</subfield>
    <subfield code="d">2022-10-24</subfield>
    <subfield code="o">BNPHU DS 306 C334h 1987</subfield>
    <subfield code="p">2022-4492</subfield>
    <subfield code="r">2022-10-24</subfield>
    <subfield code="t">e.3</subfield>
    <subfield code="w">2022-10-24</subfield>
    <subfield code="y">LBS1</subfield>
  </datafield>
  <datafield tag="952" ind1=" " ind2=" ">
    <subfield code="0">0</subfield>
    <subfield code="1">0</subfield>
    <subfield code="2">ddc</subfield>
    <subfield code="5">6</subfield>
    <subfield code="7">0</subfield>
    <subfield code="8">DS</subfield>
    <subfield code="a">BNPHU</subfield>
    <subfield code="b">BNPHU</subfield>
    <subfield code="c">HD</subfield>
    <subfield code="d">2022-10-24</subfield>
    <subfield code="e">Donaci&#xF3;n</subfield>
    <subfield code="o">BNPHU DS 306 C334h 1987</subfield>
    <subfield code="p">2022-4493</subfield>
    <subfield code="r">2022-10-24</subfield>
    <subfield code="t">e.4</subfield>
    <subfield code="w">2022-10-24</subfield>
    <subfield code="y">LBS1</subfield>
  </datafield>
  <datafield tag="999" ind1=" " ind2=" ">
    <subfield code="c">52620</subfield>
    <subfield code="d">52620</subfield>
  </datafield>
</record>
